000 00547nam a22001457a 4500
005 20241221110801.0
008 241004b |||||||| |||| 00| 0 eng d
050 _aDPer050 M72 January-March 2018 v. 66 no. 8-10
100 _aAriate, Arlene R.
_eauthor.
_962213
245 _aThe cinematic world of sports /
_cArlene R. Ariate.
260 _aPhilippines;
_bPublishers Association of the Philippines, Inc.,
_cJanuary 2019.
300 _aVolume 66, pages 295-296,
_billustration.
700 _aAriate, Arlene R.
_eauthor.
_962214
942 _2ddc
_cPER
999 _c22193
_d22193